000 01082cab a22002055a 4500
001 L141617
008 070314s2007 xxk 000 0 eng d
035 _a(Sirsi) u141617
041 _aeng
110 2 _aHome Builders Federation
_94896
245 0 0 _aHBF regional survey of house builders
_bMay 2007
260 _c2007
490 _aHousing Market Report
_v(180) June 2007, 6-10(5)
520 _aFinds that site visitor numbers continued to fall short of those reported by house builders a year previously. There was also a slight fall in net reservations for the first time since January. However these trends appear exaggerated due to the strength of reservations in May 2006. The rate of increase of new home prices eased somewhat. House builders were found to be making greater use of incentives. Industry optimism over sales growth in 2007 eased in response to these trends.
590 _aKA
650 2 4 _aHBF REGIONAL SURVEY OF HOUSE BUILDERS
651 4 _aEngland and Wales
_y1543-
690 _aPROPERTY-RESIDENTIAL PROPERTY-RESIDENTIAL PROPERTY MARKET
942 _n0
999 _c79547
_d79547